Statistics for Most followed football teams on Instagram

Click here to take the quiz!

General Stats

  • This quiz has been taken 1,370 times
    (188 since last reset)
  • The average score is 22 of 44

Answer Stats

confederationfollowersclub% Correct
UEFA153 millionReal Madrid CF
98%
UEFA125 millionFC Barcelona
97%
UEFA63.3 millionManchester United FC
97%
UEFA51.1 millionManchester City FC
94%
UEFA41.5 millionFC Bayern Munchen
92%
UEFA44.4 millionLiverpool FC
92%
UEFA15.8 millionAC Milan
89%
UEFA28.7 millionArsenal FC
89%
UEFA65.1 millionParis Saint-Germain
89%
UEFA11.2 millionFC Inter Milan
88%
UEFA41.6 millionChelsea FC
86%
UEFA60.3 millionJuventus FC
84%
UEFA19.7 millionBorussia Dortmund
82%
UEFA16.8 millionTottenham Hotspur FC
82%
UEFA16.6 millionAtletico Madrid
75%
UEFA7.1 millionAS Roma
72%
UEFA8.6 millionAFC Ajax
63%
UEFA4.7 millionSSC Napoli
62%
CONMEBOL9.3 millionCA Boca Juniors
59%
CONMEBOL8.4 millionCA River Plate
55%
AFC24.4 millionAl Nassr FC
51%
CONCACAF16 millionInter Miami CF
48%
CONMEBOL19.2 millionCR Flamengo
47%
AFC10.1 millionAl-Hilal FC
41%
UEFA15 millionGalatasaray SK
33%
UEFA6.3 millionBesiktas JK
28%
UEFA7.8 millionLeicester City FC
28%
CONMEBOL5.8 millionSE Palmeiras
24%
UEFA9.8 millionFenerbahce SK
20%
CONMEBOL6.5 millionSao Paulo FC
20%
CONMEBOL11.1 millionSC Corinthians
19%
CAF10.6 millionAl Ahly SC
17%
UEFA10.6 millionEngland
14%
UEFA15.3 millionFrance
14%
CONMEBOL13.1 millionArgentina
13%
CONMEBOL17.1 millionBrazil
13%
UEFA6.1 millionGermany
13%
UEFA5.9 millionItaly
13%
UEFA4.8 millionSpain
13%
UEFA16.7 millionPortugal
12%
CONCACAF5.3 millionClub America
11%
CONCACAF7.7 millionMexico
9%
CAF4.9 miilionMorocco
4%
AFC8.9 millionPersepolis FC
1%

Score Distribution

Percentile by Number Answered

Percent of People with Each Score

Your Score History

You have not taken this quiz since the last reset